How to prepare for College Board achievement tests, English : English composition test (all multiple-choice), English composition test with essay, literature test /

Bibliographic Details
Main Author: Shostak, Jerome
Format: Book
Language:English
Published: Woodbury, N.Y. : Barron's Educational Series, Inc., [1981]
Edition:4th rev. ed.
Subjects:

MARC

Tag First Indicator Second Indicator Subfields
LEADER 00000pam a2200000 a 4500
001 in00000080867
005 20151008054115.0
008 810519s1981 nyu 00010 eng
010 |a  81007972  
020 |a 0812022823 :  |c $3.95 
035 |a (OCoLC)07555503 
035 |9 AAH9653AM 
039 0 |a 2  |b 3  |c 3  |d 3  |e 3 
040 |a DLC  |c DLC  |d TXA  |d UtOrBLW 
043 |a e-uk---  |a n-us--- 
049 |a TXAM  |c [1654739] 
050 0 0 |a PE1411  |b .S5 1981 
082 0 |a 808/.042/076  |2 19 
100 1 |a Shostak, Jerome. 
245 1 0 |a How to prepare for College Board achievement tests, English :  |b English composition test (all multiple-choice), English composition test with essay, literature test /  |c by Jerome Shostak. 
250 |a 4th rev. ed. 
264 1 |a Woodbury, N.Y. :  |b Barron's Educational Series, Inc.,  |c [1981] 
264 4 |c ©1981 
300 |a vi, 271 pages ;  |c 28 cm. 
336 |a text  |b txt  |2 rdacontent 
337 |a unmediated  |b n  |2 rdamedia 
338 |a volume  |b nc  |2 rdacarrier 
650 0 |a English composition test. 
650 0 |a English language  |x Composition and exercises  |x Examinations, questions, etc. 
650 0 |a English literature  |v Examinations, questions, etc. 
650 0 |a American literature  |x Examinations, questions, etc. 
999 |a MARS 
999 f f |s 6792b9bc-70ab-3fc9-9f53-10afffebd0ec  |i 9e49b001-694f-3f59-a4c8-f7e6d44a1fde  |t 0 
952 f f |p normal  |a Texas A&M University  |b College Station  |c Sterling C. Evans Library  |d Evans: Library Stacks  |t 0  |e PE1411 .S5 1981  |h Library of Congress classification  |i unmediated -- volume  |m A14806174896 
998 f f |a PE1411 .S5 1981  |t 0  |l Evans: Library Stacks